Kalkulačný systém podniku a možnosti jeho optimalizácie diplomová práca

Guardado en:
Detalles Bibliográficos
Autor principal: Hriňáková, Mária
Autor Corporativo: Podnikovohospodárska fakulta EU so sídlom v Košiciach. Katedra účtovníctva a financií
Otros Autores: Lajoš, Branislav
Formato: Libro
Lenguaje:eslovaco
Publicado: Košice 2009
Etiquetas: Agregar Etiqueta
Sin Etiquetas, Sea el primero en etiquetar este registro!

MARC

LEADER 00000nam$a2200000$$$4500
001 0098639
005 20240320075015.1
041 0 |a slo 
044 |a SK 
245 1 0 |a Kalkulačný systém podniku a možnosti jeho optimalizácie  |b diplomová práca  |c Mária Hriňáková ; škol. Branislav Lajoš 
264 1 |a Košice  |c 2009 
300 |a 76 s. 
100 1 |a Hriňáková, Mária 
700 1 |a Lajoš, Branislav 
710 2 |a Podnikovohospodárska fakulta EU so sídlom v Košiciach. Katedra účtovníctva a financií